Resurgent Nigeria : issues in Nigeria intellectual history: a festchrift in honour of Dahiru yahya
Gardado en:
| Formato: | Libro |
|---|---|
| Idioma: | inglés |
| Publicado: |
University Press
2011
|
| Tags: |
Engadir etiqueta
Sen Etiquetas, Sexa o primeiro en etiquetar este rexistro!
|
MARC
| LEADER | 00000nam a22000007a 4500 | ||
|---|---|---|---|
| 008 | 210119b ||||| |||| 00| 0 eng d | ||
| 020 | |a 9789780697952 | ||
| 245 | |a Resurgent Nigeria |b : issues in Nigeria intellectual history: a festchrift in honour of Dahiru yahya |c /edited by Sa'idu babura Ahmed [and] Ibrahim Khaleel Abdussalam |g xxxiv,450p. | ||
| 250 | |c Ahmed, Sa'idu Babura | ||
| 250 | |c Abdussalam, Ibrahim Khaleel | ||
| 260 | |b University Press |c 2011 |h Ibadan |i 685362 |l HV6433.N6R31 | ||
| 942 | |a lcc |c BK |e A.R.Akinniyi |f 19/1/21 | ||
| 952 | |0 0 |1 0 |2 lcc |4 0 |6 HV6433 N6 R31 |7 0 |9 1212 |a HOL |b HOL |c GJ |d 2021-01-19 |l 0 |o HV6433.N6R31 |r 2021-01-19 00:00:00 |t 685362 |w 2021-01-19 |y BK | ||
| 999 | |c 635 |d 635 | ||